000 00621nam a2200205 a 4500
003 PILC
005 20150112093429.0
008 100713s19uu xx 00 eng d
020 _a9780764502613
050 _aQA 76.76.O63
_b.R234 1998
082 _aCSF 005.41
_bR18 1998
100 _aRathbone, Andy
_97142
245 _aWindows 98 for dummies /
_cAndy Rathbone.
250 _a2nd ed.
260 _aFoster City, CA :
_bIDG Books Worldwide, Inc,
_c1998.
300 _a382 pages :
_billustration ;
_c24 cm.
500 _aIncludes index.
650 _aWindows 98
_xOperating systems - computers
_97144
942 _2lcc
_cBK
999 _c14278
_d14278